[Event "NRW Class2 1617"]
[Site "Germany"]
[Date "2017.03.05"]
[Round "7.3"]
[White "Virnyi, Julius"]
[Black "Stricker, Florian"]
[Result "0-1"]
[WhiteElo "2119"]
[BlackElo "2098"]
[PlyCount "106"]
[EventDate "2016.09.25"]
[EventType "team-tourn"]
[EventRounds "9"]
[EventCountry "GER"]
[SourceTitle "EXT 2023"]
[Source "ChessBase"]
[SourceDate "2022.10.05"]
[SourceVersion "1"]
[SourceVersionDate "2022.10.05"]
[SourceQuality "1"]
[WhiteTeam "Muenster SK II"]
[BlackTeam "Bochum SG II"]
[WhiteTeamCountry "GER"]
[BlackTeamCountry "GER"]

1. d4 Nf6 2. c4 e6 3. Nc3 Bb4 4. e3 c5 5. Nge2 b6 6. a3 Ba5 7. Rb1 Qe7 8. Bd2 Bb7 9. b4 cxb4 10. Nb5 Na6 11. Nc7+ Nxc7 12. axb4 Bxb4 13. Bxb4 d6 14. Qa4+ Qd7 15. Qa3 Ne4 16. f3 a5 17. Bc3 Nxc3 18. Nxc3 Na6 19. Rxb6 Nb4 20. Kf2 Qc7 21. Rb5 f5 22. c5 Bc6 23. cxd6 Qxd6 24. Rc5 0-0 25. g3 f4 26. gxf4 Nc2 27. Qc1 Nb4 28. Rg1 Ra7 29. Ne4 Bxe4 30. fxe4 Raf7 31. Rg4 h6 32. h4 Qd7 33. Be2 e5 34. Qc4 exf4 35. exf4 Kh8 36. Kg3 Qa4 37. Rc8 Qa3+ 38. Qc3 Qa2 39. Rxf8+ Rxf8 40. Bf3 Qb1 41. d5 Rg8 42. f5 Nd3 43. Kh2 Qb8+ 44. Kg2 Ne5 45. Rg3 Rc8 46. Qxa5 Rc2+ 47. Kh3 Nxf3 48. d6 Qxd6 49. Qa8+ Kh7 50. Qd5 Rh2+ 51. Kg4 Ne5+ 52. Kh5 Qf6 53. Rh3 g6+ 0-1

[Event "NRW Class2 1617"]
[Site "Germany"]
[Date "2017.01.22"]
[Round "5.2"]
[White "Orzech, Dominik"]
[Black "Virnyi, Julius"]
[Result "1-0"]
[WhiteElo "2378"]
[BlackElo "2119"]
[PlyCount "89"]
[EventDate "2016.09.25"]
[EventType "team-tourn"]
[EventRounds "9"]
[EventCountry "GER"]
[SourceTitle "EXT 2023"]
[Source "ChessBase"]
[SourceDate "2022.10.05"]
[SourceVersion "1"]
[SourceVersionDate "2022.10.05"]
[SourceQuality "1"]
[WhiteTeam "Gerresheim"]
[BlackTeam "Muenster SK II"]
[WhiteTeamCountry "GER"]
[BlackTeamCountry "GER"]

1. d4 Nf6 2. Nf3 e6 3. c4 Bb4+ 4. Bd2 Qe7 5. g3 Nc6 6. Bg2 Bxd2+ 7. Nbxd2 a5 8. 0-0 d6 9. e4 e5 10. d5 Nb8 11. Ne1 h5 12. Nef3 Nbd7 13. b3 Nc5 14. Qc2 Bg4 15. Rfe1 0-0 16. a3 c6 17. b4 axb4 18. axb4 Na6 19. Qa4 c5 20. bxc5 Nxc5 21. Qxa8 Rxa8 22. Rxa8+ Kh7 23. Ng5+ Kh6 24. h4 g6 25. Rb1 Kg7 26. f3 Bd7 27. Nb3 Nxb3 28. Rxb3 Be8 29. Ra7 Qd8 30. Rbxb7 Kg8 31. Bh3 Nh7 32. Nxf7 Bxf7 33. Rxf7 Qb6+ 34. Kh2 Qb2+ 35. Bg2 Nf8 36. Rg7+ Kh8 37. Rgb7 Qf2 38. Ra8 Kg8 39. Rbb8 g5 40. Rxf8+ Kh7 41. Rh8+ Kg7 42. Rag8+ Kf7 43. hxg5 h4 44. g6+ Kf6 45. Rxh4 1-0

[Event "Muensterland Regionalliga 1516"]
[Site "Germany"]
[Date "2016.04.09"]
[Round "8.4"]
[White "Virnyi, Julius"]
[Black "Reinhold, Klaus"]
[Result "1-0"]
[WhiteElo "2087"]
[BlackElo "1900"]
[PlyCount "47"]
[EventDate "2015.09.05"]
[EventType "team"]
[EventRounds "9"]
[EventCountry "GER"]
[SourceTitle "EXT 2017"]
[Source "ChessBase"]
[SourceDate "2016.10.25"]
[SourceVersion "1"]
[SourceVersionDate "2016.10.25"]
[SourceQuality "1"]
[WhiteTeam "Muenster SK II"]
[BlackTeam "Gronau"]
[WhiteTeamCountry "GER"]
[BlackTeamCountry "GER"]

1. d4 d5 2. c4 c6 3. Nc3 Nf6 4. Nf3 Bf5 5. cxd5 Nxd5 6. Qb3 Qb6 7. Nxd5 cxd5 8. Qxd5 e6 9. Qb3 Bb4+ 10. Bd2 Nc6 11. e3 a5 12. Be2 a4 13. Qd1 0-0 14. 0-0 h6 15. Bxb4 Qxb4 16. Qd2 a3 17. b3 Bg4 18. Qd1 Rfd8 19. Rc1 Qd6 20. Rc4 e5 21. d5 Qxd5 22. Qxd5 Rxd5 23. Rxg4 f5 24. Bc4 1-0

[Event "Muensterland Regionalliga 1516"]
[Site "Germany"]
[Date "2016.02.27"]
[Round "7.3"]
[White "Virnyi, Julius"]
[Black "Junker, Axel"]
[Result "1/2-1/2"]
[WhiteElo "2087"]
[BlackElo "1871"]
[PlyCount "88"]
[EventDate "2015.09.05"]
[EventType "team"]
[EventRounds "9"]
[EventCountry "GER"]
[SourceTitle "EXT 2017"]
[Source "ChessBase"]
[SourceDate "2016.10.25"]
[SourceVersion "1"]
[SourceVersionDate "2016.10.25"]
[SourceQuality "1"]
[WhiteTeam "Muenster SK II"]
[BlackTeam "Telgte"]
[WhiteTeamCountry "GER"]
[BlackTeamCountry "GER"]

1. d4 Nf6 2. Nf3 g6 3. c4 Bg7 4. Nc3 0-0 5. e4 c6 6. e5 Ne8 7. Be2 d6 8. exd6 Nxd6 9. d5 Bg4 10. c5 Nf5 11. dxc6 Nxc6 12. Qxd8 Rfxd8 13. 0-0 Bxf3 14. Bxf3 Nfd4 15. Bd1 Rac8 16. Bg5 h6 17. Be3 a5 18. g4 Ne5 19. Na4 Nd3 20. Rb1 Nxc5 21. Nxc5 Rxc5 22. b4 Rb5 23. a3 axb4 24. Rxb4 Rxb4 25. axb4 Ra8 26. Re1 Ra1 27. Kf1 Rb1 28. Bxd4 Bxd4 29. Bf3 Rxb4 30. Rxe7 Rb2 31. Re2 Rxe2 32. Bxe2 g5 33. Bc4 Kf8 34. Ke2 Ke7 35. f3 f6 36. Kd3 Be5 37. h3 Kd6 38. Bg8 Kc5 39. Bf7 b5 40. Be6 Kb4 41. Bd7 Kc5 42. Be8 b4 43. Bf7 Kd6 44. Ke4 Kc5 1/2-1/2

[Event "Muensterland Regionalliga 1516"]
[Site "Germany"]
[Date "2016.01.09"]
[Round "5.5"]
[White "Virnyi, Julius"]
[Black "Gottkehaskamp, Stefan"]
[Result "1/2-1/2"]
[WhiteElo "2087"]
[BlackElo "1953"]
[PlyCount "45"]
[EventDate "2015.09.05"]
[EventType "team"]
[EventRounds "9"]
[EventCountry "GER"]
[SourceTitle "EXT 2017"]
[Source "ChessBase"]
[SourceDate "2016.10.25"]
[SourceVersion "1"]
[SourceVersionDate "2016.10.25"]
[SourceQuality "1"]
[WhiteTeam "Muenster SK II"]
[BlackTeam "Nienberge"]
[WhiteTeamCountry "GER"]
[BlackTeamCountry "GER"]

1. Nf3 e6 2. g3 f5 3. Bg2 Nf6 4. 0-0 Be7 5. c4 0-0 6. b3 d6 7. d4 Ne4 8. Bb2 Bf6 9. Nfd2 Nxd2 10. Qxd2 Qe8 11. Nc3 c6 12. Ba3 Be7 13. e4 Qd8 14. exf5 exf5 15. f4 Bd7 16. Rae1 Re8 17. b4 Na6 18. b5 Nc7 19. Qd3 Bf8 20. bxc6 bxc6 21. Rxe8 Qxe8 22. Kf2 Rb8 23. Rb1 1/2-1/2

[Event "Muensterland Regionalliga 1516"]
[Site "Germany"]
[Date "2015.11.14"]
[Round "3.4"]
[White "Broemmel, Rudolf"]
[Black "Virnyi, Julius"]
[Result "1/2-1/2"]
[WhiteElo "1902"]
[BlackElo "2087"]
[PlyCount "41"]
[EventDate "2015.09.05"]
[EventType "team"]
[EventRounds "9"]
[EventCountry "GER"]
[SourceTitle "EXT 2017"]
[Source "ChessBase"]
[SourceDate "2016.10.25"]
[SourceVersion "1"]
[SourceVersionDate "2016.10.25"]
[SourceQuality "1"]
[WhiteTeam "Raesfeld Erle"]
[BlackTeam "Muenster SK II"]
[WhiteTeamCountry "GER"]
[BlackTeamCountry "GER"]

1. d4 Nf6 2. Bg5 e6 3. e4 c5 4. e5 h6 5. Be3 Nd5 6. Nc3 Nxe3 7. fxe3 Nc6 8. Nf3 cxd4 9. exd4 d6 10. exd6 Bxd6 11. Ne4 Be7 12. c3 0-0 13. Bd3 b6 14. Qe2 Bb7 15. 0-0 Qc7 16. Nf2 Rfd8 17. Rae1 Bd6 18. Ne4 Be7 19. Nf2 Bd6 20. Ne4 Be7 21. Nf2 1/2-1/2

[Event "Muensterland Regionalliga 1516"]
[Site "Germany"]
[Date "2015.09.05"]
[Round "1.5"]
[White "Meyer, Ulrich"]
[Black "Virnyi, Julius"]
[Result "0-1"]
[WhiteElo "1892"]
[BlackElo "2087"]
[PlyCount "88"]
[EventDate "2015.09.05"]
[EventType "team"]
[EventRounds "9"]
[EventCountry "GER"]
[SourceTitle "EXT 2017"]
[Source "ChessBase"]
[SourceDate "2016.10.25"]
[SourceVersion "1"]
[SourceVersionDate "2016.10.25"]
[SourceQuality "1"]
[WhiteTeam "Muenster SK III"]
[BlackTeam "Muenster SK II"]
[WhiteTeamCountry "GER"]
[BlackTeamCountry "GER"]

1. d4 Nf6 2. Bg5 e6 3. e3 c5 4. c3 cxd4 5. exd4 b6 6. Nf3 Be7 7. Bd3 Bb7 8. Nbd2 0-0 9. Bxf6 Bxf6 10. Ne4 Be7 11. Qe2 d6 12. h4 Nd7 13. Nfg5 h6 14. Qh5 d5 15. Nd2 e5 16. Bh7+ Kh8 17. dxe5 Nxe5 18. f4 Nd7 19. Bc2 Kg8 20. Nh7 Re8 21. 0-0-0 d4 22. Ne4 Qc7 23. Qf5 g6 24. Qxd7 Qxf4+ 25. Nd2 dxc3 26. bxc3 Bxg2 27. Rhg1 Rad8 28. Qa4 Qxa4 29. Bxa4 Ba3+ 30. Kc2 Re2 31. Nf6+ Kg7 32. Nd7 Bh3 33. Kb3 Bxd7 34. Kxa3 Bxa4 35. Nb3 Rxd1 36. Rxd1 Bxb3 37. axb3 Re7 38. c4 g5 39. hxg5 hxg5 40. b4 Re5 41. Rc1 a5 42. bxa5 Rxa5+ 43. Kb4 g4 44. Rd1 Rg5 0-1

[Event "NRW Class1 1415"]
[Site "Germany"]
[Date "2014.11.16"]
[Round "3.3"]
[White "Tripolsky, Eugene"]
[Black "Virnyi, Julius"]
[Result "1/2-1/2"]
[WhiteElo "2203"]
[BlackElo "2043"]
[PlyCount "117"]
[EventDate "2014.09.14"]
[EventType "team-tourn"]
[EventRounds "9"]
[EventCountry "GER"]
[SourceTitle "EXT 2017"]
[Source "ChessBase"]
[SourceDate "2016.10.25"]
[SourceVersion "1"]
[SourceVersionDate "2016.10.25"]
[SourceQuality "1"]
[WhiteTeam "Ennepe Ruhr Sued"]
[BlackTeam "Muenster II"]
[WhiteTeamCountry "GER"]
[BlackTeamCountry "GER"]

1. e4 c5 2. Nf3 d6 3. d4 cxd4 4. Qxd4 Nc6 5. Bb5 Bd7 6. Bxc6 Bxc6 7. Nc3 Nf6 8. Bg5 e6 9. 0-0-0 Be7 10. Rhe1 0-0 11. Kb1 Qa5 12. Qd2 Kh8 13. Nd4 Rfd8 14. f3 Be8 15. g4 Rab8 16. h4 b5 17. Qh2 b4 18. Nce2 Rb6 19. Nb3 Qb5 20. Be3 Rbb8 21. Ned4 Qc4 22. g5 Ng8 23. h5 Rdc8 24. f4 Ra8 25. f5 e5 26. f6 gxf6 27. Nf5 Qxe4 28. Nxe7 Nxe7 29. gxf6 Nf5 30. Bh6 Qh4 31. Bg7+ Kg8 32. Qd2 Nxg7 33. Rg1 Qxf6 34. h6 Bb5 35. Rxg7+ Kh8 36. Qxb4 Bc4 37. Rxd6 Be6 38. Rg1 Rxc2 39. Rgd1 Rcc8 40. Qe1 Qf5+ 41. Ka1 Qg5 42. Qh1 Rab8 43. Na5 Qf4 44. Nc6 Qc4 45. Rxe6 Qxe6 46. Nxb8 Rxb8 47. Qg1 Qxh6 48. Qxa7 Rc8 49. a3 Rc1+ 50. Rxc1 Qxc1+ 51. Ka2 Qc4+ 52. Ka1 e4 53. Qb8+ Kg7 54. Qg3+ Kf8 55. Qe5 Qc1+ 56. Ka2 Qc4+ 57. Ka1 Qc1+ 58. Ka2 Qc4+ 59. Ka1 1/2-1/2

[Event "Muensterland Regionalliga 1314"]
[Site "Germany"]
[Date "2013.12.07"]
[Round "4.3"]
[White "Lemli, Thomas"]
[Black "Virnyi, Julius"]
[Result "1/2-1/2"]
[WhiteElo "1980"]
[BlackElo "2031"]
[PlyCount "36"]
[EventDate "2013.09.07"]
[EventType "team-tourn"]
[EventRounds "9"]
[EventCountry "GER"]
[SourceTitle "EXT 2015"]
[Source "ChessBase"]
[SourceDate "2014.11.20"]
[SourceVersion "1"]
[SourceVersionDate "2014.11.20"]
[SourceQuality "1"]
[WhiteTeam "Emsdetten Rochade"]
[BlackTeam "Muenster SK II"]
[WhiteTeamCountry "GER"]
[BlackTeamCountry "GER"]

1. Nf3 Nf6 2. c4 e6 3. g3 b6 4. Bg2 Bb7 5. 0-0 c5 6. Nc3 Be7 7. b3 0-0 8. Bb2 d5 9. cxd5 Nxd5 10. d4 Bf6 11. Rc1 Nd7 12. Qd2 cxd4 13. Nxd5 Bxd5 14. Bxd4 Rc8 15. Rxc8 Qxc8 16. Rc1 Qb7 17. Bxf6 Nxf6 18. Ne1 Rc8 1/2-1/2

[Event "Muensterland Regionalliga 1314"]
[Site "Germany"]
[Date "2013.09.07"]
[Round "1.3"]
[White "Virnyi, Julius"]
[Black "Holtel, Jasper"]
[Result "1/2-1/2"]
[WhiteElo "2031"]
[BlackElo "1930"]
[PlyCount "64"]
[EventDate "2013.09.07"]
[EventType "team-tourn"]
[EventRounds "9"]
[EventCountry "GER"]
[SourceTitle "EXT 2015"]
[Source "ChessBase"]
[SourceDate "2014.11.20"]
[SourceVersion "1"]
[SourceVersionDate "2014.11.20"]
[SourceQuality "1"]
[WhiteTeam "Muenster SK II"]
[BlackTeam "Muenster SK III"]
[WhiteTeamCountry "GER"]
[BlackTeamCountry "GER"]

1. d4 Nf6 2. c4 g6 3. Nc3 d5 4. Bf4 Bg7 5. e3 c5 6. dxc5 Qa5 7. Rc1 dxc4 8. Bxc4 0-0 9. Nge2 Qxc5 10. Qb3 e5 11. Bg5 Nc6 12. Bxf6 Bxf6 13. Ne4 Qa5+ 14. N2c3 Be7 15. 0-0 Bf5 16. Qxb7 Rfc8 17. Qa6 Rab8 18. Ng3 Rb6 19. Qxa5 Nxa5 20. Nxf5 gxf5 21. Nd5 Rxc4 22. Rxc4 Nxc4 23. Nxe7+ Kf8 24. Nxf5 Rxb2 25. Rd1 Ke8 26. a3 Ra2 27. h4 Rxa3 28. Rc1 Nb6 29. Rc5 Ra1+ 30. Kh2 a5 31. Rb5 Nd7 32. Rb7 f6 1/2-1/2

[Event "NRW Class1 1213"]
[Site "Germany"]
[Date "2013.01.20"]
[Round "5.3"]
[White "Goessling, Guido"]
[Black "Virnyi, Julius"]
[Result "0-1"]
[WhiteElo "2144"]
[BlackElo "2056"]
[PlyCount "48"]
[EventDate "2012.09.16"]
[EventType "team-tourn"]
[EventRounds "9"]
[EventCountry "GER"]
[SourceTitle "EXT 2017"]
[Source "ChessBase"]
[SourceDate "2016.10.25"]
[SourceVersion "1"]
[SourceVersionDate "2016.10.25"]
[SourceQuality "1"]
[WhiteTeam "Bielefeld"]
[BlackTeam "Muenster II"]
[WhiteTeamCountry "GER"]
[BlackTeamCountry "GER"]

1. e4 c5 2. Nf3 d6 3. d4 cxd4 4. Nxd4 Nf6 5. Nc3 a6 6. f4 Qc7 7. Nf3 Nbd7 8. Bd3 b5 9. a3 g6 10. 0-0 Bg7 11. Qe1 Bb7 12. Bd2 0-0 13. Qh4 Nb6 14. e5 Nfd5 15. e6 f5 16. Ng5 Nf6 17. Rae1 Nc4 18. Bc1 Qc6 19. Rf3 Qb6+ 20. Rf2 h6 21. Bxc4 hxg5 22. fxg5 Ng4 23. Be2 Nxf2 24. Qxf2 Bd4 0-1

[Event "Muensterland Verbandsliga 1112"]
[Site "Germany"]
[Date "2012.02.25"]
[Round "7.3"]
[White "Virnyi, Julius"]
[Black "Schaefer, Guenter"]
[Result "1-0"]
[WhiteElo "2006"]
[BlackElo "2014"]
[PlyCount "69"]
[EventDate "2011.09.24"]
[EventType "team-tourn"]
[EventRounds "9"]
[EventCountry "GER"]
[SourceTitle "EXT 2013"]
[Source "ChessBase"]
[SourceDate "2012.11.22"]
[SourceVersion "1"]
[SourceVersionDate "2012.11.22"]
[SourceQuality "1"]
[WhiteTeam "Muenster III"]
[BlackTeam "Nienberge"]
[WhiteTeamCountry "GER"]
[BlackTeamCountry "GER"]

1. d4 Nf6 2. c4 g6 3. Nc3 Bg7 4. e4 d6 5. Nf3 0-0 6. Be2 Na6 7. 0-0 e5 8. Re1 c6 9. Rb1 exd4 10. Nxd4 Nc5 11. Bf1 Re8 12. f3 a5 13. Be3 Be6 14. Qd2 a4 15. Rbd1 Qa5 16. Nxe6 Rxe6 17. Ne2 Qxd2 18. Rxd2 Na6 19. Nf4 Ree8 20. Rxd6 Nb4 21. Bc5 Nc2 22. Rc1 Nxe4 23. fxe4 a3 24. bxa3 Nxa3 25. Rd3 Rxe4 26. Rcd1 Nc2 27. Rd8+ Re8 28. Rxa8 Rxa8 29. Rd2 Na3 30. Rd7 b5 31. Bxa3 Rxa3 32. cxb5 cxb5 33. Bxb5 Bh6 34. Nd3 Be3+ 35. Kf1 1-0

[Event "Oberliga NRW 1112"]
[Site "Germany"]
[Date "2012.01.08"]
[Round "5.8"]
[White "Virnyi, Julius"]
[Black "Van Lanen, Toon"]
[Result "0-1"]
[WhiteElo "2013"]
[BlackElo "2095"]
[PlyCount "128"]
[EventDate "2011.09.18"]
[EventType "team-tourn"]
[EventRounds "9"]
[EventCountry "GER"]
[SourceTitle "EXT 2015"]
[Source "ChessBase"]
[SourceDate "2014.11.20"]
[SourceVersion "1"]
[SourceVersionDate "2014.11.20"]
[SourceQuality "1"]
[WhiteTeam "Muenster SK"]
[BlackTeam "Gerresheim"]
[WhiteTeamCountry "GER"]
[BlackTeamCountry "GER"]

1. d4 d5 2. c4 e6 3. Nf3 c5 4. cxd5 exd5 5. Nc3 Nc6 6. Bg5 Be7 7. Bxe7 Ngxe7 8. e3 Qb6 9. dxc5 Qxb2 10. Rc1 Qb4 11. Qd2 Qxc5 12. Nb5 Qb6 13. Nd6+ Kf8 14. Be2 Qd8 15. Nxc8 Rxc8 16. 0-0 h5 17. Qb2 Rc7 18. Rfd1 Rd7 19. Ne5 Nxe5 20. Qxe5 Rh6 21. Bb5 Nc6 22. Bxc6 bxc6 23. Rb1 Rc7 24. e4 Re6 25. Qxh5 Rxe4 26. Qh8+ Ke7 27. Qxg7 Kd6 28. Qg3+ Re5 29. Re1 Qe7 30. f4 Re4 31. f5+ Qe5 32. Qa3+ c5 33. Rxe4 Qxe4 34. Qg3+ Qe5 35. Qg5 Re7 36. h4 Qe3+ 37. Qxe3 Rxe3 38. Kf2 Re4 39. g3 c4 40. h5 Ke5 41. Rb7 c3 42. Rc7 Kd4 43. h6 Kd3 44. Rc8 Rc4 45. Rxc4 dxc4 46. h7 c2 47. h8Q c1Q 48. Qe5 Qd2+ 49. Kf3 Qd1+ 50. Kf2 c3 51. Qd5+ Kc2 52. Qb3+ Kd2 53. Qb4 Qe2+ 54. Kg1 Qd3 55. f6 Qxg3+ 56. Kh1 Qf3+ 57. Kg1 Qxf6 58. a4 Qg5+ 59. Kh1 Qd5+ 60. Kg1 a5 61. Qf4+ Kc2 62. Qb8 Qd4+ 63. Kf1 Qxa4 64. Qh2+ Kb3 0-1

[Event "Muensterland Verbandsliga 1112"]
[Site "Germany"]
[Date "2011.10.15"]
[Round "2.3"]
[White "Kolakovic, Klaudio"]
[Black "Virnyi, Julius"]
[Result "0-1"]
[WhiteElo "2006"]
[BlackElo "2006"]
[PlyCount "112"]
[EventDate "2011.09.24"]
[EventType "team-tourn"]
[EventRounds "9"]
[EventCountry "GER"]
[SourceTitle "EXT 2013"]
[Source "ChessBase"]
[SourceDate "2012.11.22"]
[SourceVersion "1"]
[SourceVersionDate "2012.11.22"]
[SourceQuality "1"]
[WhiteTeam "Suedlohn"]
[BlackTeam "Muenster III"]
[WhiteTeamCountry "GER"]
[BlackTeamCountry "GER"]

1. e4 c5 2. Nf3 d6 3. c4 Nf6 4. Nc3 e6 5. d4 cxd4 6. Nxd4 a6 7. Be3 Qc7 8. Be2 Nbd7 9. 0-0 b6 10. Rc1 Bb7 11. f3 Rc8 12. Qd2 Be7 13. Rfd1 0-0 14. g4 h6 15. Kh1 Rfe8 16. Rg1 Nh7 17. Rg3 Qb8 18. Rcg1 Ne5 19. b3 Qa8 20. Na4 Bd8 21. Rh3 Ng5 22. Bxg5 Bxg5 23. Qb4 Be3 24. Nxb6 Qa7 25. Nxc8 Rxc8 26. Rd1 Bxd4 27. Qxd6 Nc6 28. g5 hxg5 29. Qg3 Qc5 30. Qg4 g6 31. a3 Bg7 32. Qg1 Qxg1+ 33. Kxg1 Nd4 34. Kf2 Be5 35. Rd3 Kg7 36. Bd1 a5 37. Ke3 Rd8 38. b4 axb4 39. axb4 f5 40. b5 f4+ 41. Kd2 Rc8 42. Ra3 Rxc4 43. Ra7 Rc7 44. b6 Nb5 45. Ra2 Rd7+ 46. Kc2 Rxd1 47. Ra5 Rd2+ 48. Kc1 Rb2 49. Ra4 Rb3 50. Kc2 Ra3 51. Rb4 Rc3+ 52. Kd2 Rc5 53. Ra4 Rc6 54. Kd3 Rxb6 55. Ra2 Ra6 56. Rc2 Rd6+ 0-1

[Event "Muensterland Verbandsliga 1112"]
[Site "Germany"]
[Date "2011.09.24"]
[Round "1.5"]
[White "Stepa, Rainer"]
[Black "Virnyi, Julius"]
[Result "0-1"]
[WhiteElo "1870"]
[BlackElo "2006"]
[PlyCount "100"]
[EventDate "2011.09.24"]
[EventType "team-tourn"]
[EventRounds "9"]
[EventCountry "GER"]
[SourceTitle "EXT 2013"]
[Source "ChessBase"]
[SourceDate "2012.11.22"]
[SourceVersion "1"]
[SourceVersionDate "2012.11.22"]
[SourceQuality "1"]
[WhiteTeam "Ostbevern Westbevern"]
[BlackTeam "Muenster III"]
[WhiteTeamCountry "GER"]
[BlackTeamCountry "GER"]

1. e4 c5 2. Nf3 d6 3. c3 Nf6 4. Be2 Nbd7 5. d3 b6 6. 0-0 Bb7 7. Re1 e6 8. h3 Be7 9. Bf4 Qc7 10. Nbd2 0-0 11. Rc1 Rad8 12. Bf1 Ne5 13. Nxe5 dxe5 14. Bh2 Qb8 15. Nc4 Nxe4 16. Bxe5 Qa8 17. Bxg7 Kxg7 18. Qg4+ Ng5 19. h4 f5 20. Qg3 f4 21. Qg4 h5 22. Qd1 Bd5 23. hxg5 Bxc4 24. Qe2 Bd5 25. c4 Bc6 26. Qe5+ Kh7 27. Rcd1 Rd4 28. Qc7 Rd7 29. Qe5 Rd4 30. Qc7 Qb7 31. Qe5 Bd7 32. Be2 Rf5 33. Bf3 Rxe5 34. Bxb7 Rxe1+ 35. Rxe1 Bxg5 36. Be4+ Kg7 37. a3 a5 38. b3 Rd6 39. Kf1 Bc6 40. Bxc6 Rxc6 41. Ke2 Kf6 42. f3 Kf5 43. a4 Rc8 44. Rh1 h4 45. Kd2 Bf6 46. Kc2 Rg8 47. Rh2 Ke5 48. Kd2 Kd4 49. Kc2 Ke3 50. Kb1 Kxd3 0-1

[Event "Dortmund Sparkassen op-A"]
[Site "Dortmund"]
[Date "2011.07.31"]
[Round "9"]
[White "Virnyi, Julius"]
[Black "Quast, Marcel"]
[Result "0-1"]
[WhiteElo "2081"]
[BlackElo "2173"]
[PlyCount "76"]
[EventDate "2011.07.23"]
[EventType "swiss"]
[EventRounds "9"]
[EventCountry "GER"]
[SourceTitle "CBM 143 Extra"]
[Source "ChessBase"]
[SourceDate "2011.08.29"]
[SourceVersion "1"]
[SourceVersionDate "2011.08.29"]
[SourceQuality "1"]

1. d4 f5 2. e4 fxe4 3. Nc3 Nf6 4. Bg5 Nc6 5. d5 Ne5 6. Qe2 c6 7. 0-0-0 cxd5 8. Nxd5 e6 9. Nc3 Nf7 10. h4 Qa5 11. Kb1 Nxg5 12. hxg5 Qxg5 13. Nxe4 Nxe4 14. Qxe4 Qf5 15. Qd4 Qf6 16. Qe4 g6 17. Bd3 Bg7 18. c3 0-0 19. g4 d5 20. Qg2 b5 21. g5 Qf7 22. Qh2 Bh8 23. Nf3 b4 24. cxb4 a5 25. b5 Ra7 26. Rc1 Qg7 27. Rc2 e5 28. b6 Raf7 29. Nxe5 Qxe5 30. Bxg6 hxg6 31. f4 Qg7 32. Rc6 Bf5+ 33. Ka1 Be4 34. Rhc1 a4 35. a3 Rb7 36. Rc7 Qxb2+ 37. Qxb2 Bxb2+ 38. Kxb2 Rxb6+ 0-1

[Event "Dortmund Sparkassen op-A"]
[Site "Dortmund"]
[Date "2011.07.28"]
[Round "6"]
[White "Henrotte, Nils"]
[Black "Virnyi, Julius"]
[Result "1/2-1/2"]
[WhiteElo "1951"]
[BlackElo "2081"]
[PlyCount "52"]
[EventDate "2011.07.23"]
[EventType "swiss"]
[EventRounds "9"]
[EventCountry "GER"]
[SourceTitle "CBM 143 Extra"]
[Source "ChessBase"]
[SourceDate "2011.08.29"]
[SourceVersion "1"]
[SourceVersionDate "2011.08.29"]
[SourceQuality "1"]

1. d4 Nf6 2. c3 d5 3. Bf4 c5 4. e3 Nc6 5. Nf3 Qb6 6. Qb3 c4 7. Qxb6 axb6 8. Na3 e5 9. Nb5 Ra5 10. Nc7+ Kd7 11. dxe5 Nh5 12. Nxd5 Rxd5 13. Bxc4 Ra5 14. Bxf7 Nxf4 15. exf4 Ke7 16. Bb3 g6 17. h4 Be6 18. Bxe6 Kxe6 19. a3 Kf5 20. g3 Rd5 21. Rd1 Rxd1+ 22. Kxd1 Bc5 23. Ke2 Rd8 24. h5 g5 25. b4 Be7 26. b5 g4 1/2-1/2

[Event "Muensterland Verbandsklasse-A 1011"]
[Site "Germany"]
[Date "2011.02.19"]
[Round "7.5"]
[White "Engelkamp, Stephan"]
[Black "Virnyi, Julius"]
[Result "0-1"]
[WhiteElo "1874"]
[BlackElo "1867"]
[PlyCount "82"]
[EventDate "2010.09.18"]
[EventType "team-tourn"]
[EventRounds "9"]
[EventCountry "GER"]
[SourceTitle "EXT 2012"]
[Source "ChessBase"]
[SourceDate "2011.11.24"]
[SourceVersion "1"]
[SourceVersionDate "2011.11.24"]
[SourceQuality "1"]
[WhiteTeam "Olfen"]
[BlackTeam "Muenster SK III"]
[WhiteTeamCountry "GER"]
[BlackTeamCountry "GER"]

1. c4 Nf6 2. Nc3 g6 3. e4 d6 4. g3 Bg7 5. Bg2 0-0 6. Nge2 c5 7. d3 Nc6 8. 0-0 Rb8 9. Rb1 Ne8 10. Be3 Nc7 11. d4 cxd4 12. Nxd4 Ne5 13. b3 Ng4 14. Bc1 Ne6 15. Nde2 Bd7 16. h3 Nf6 17. Be3 a6 18. f4 Bc6 19. b4 Rc8 20. Qd2 Be8 21. f5 Nc7 22. Rbd1 Nd7 23. Bh6 Ne5 24. Bxg7 Kxg7 25. c5 f6 26. Nf4 g5 27. Qe2 gxf4 28. gxf4 Nf7 29. e5 Kh8 30. e6 Nb5 31. Ne4 Nh6 32. Nxd6 Nxd6 33. Rxd6 Qc7 34. Rd2 Rg8 35. Kh2 Bb5 36. Qh5 Bxf1 37. Qxh6 Rxg2+ 38. Rxg2 Bxg2 39. Kxg2 Rg8+ 40. Kf2 Qc6 41. Qh4 Qe4 0-1

[Event "Muensterland op 28th"]
[Site "Senden"]
[Date "2010.10.17"]
[Round "2"]
[White "Kotainy, Jens"]
[Black "Virnyi, Julius"]
[Result "1-0"]
[WhiteElo "2343"]
[BlackElo "2072"]
[PlyCount "81"]
[EventDate "2010.10.16"]
[EventType "swiss"]
[EventRounds "9"]
[EventCountry "GER"]
[SourceTitle "CBM 138 Extra"]
[Source "ChessBase"]
[SourceDate "2010.10.29"]
[SourceVersion "1"]
[SourceVersionDate "2010.10.29"]
[SourceQuality "1"]

1. e4 c5 2. c3 Nf6 3. e5 Nd5 4. d4 cxd4 5. Nf3 Nc6 6. cxd4 d6 7. Bc4 Nb6 8. Bb5 Bd7 9. Nc3 dxe5 10. dxe5 g6 11. 0-0 Bg7 12. Bf4 0-0 13. Qe2 a6 14. Bxc6 Bxc6 15. Rad1 Nd5 16. Qc4 e6 17. b3 Qa5 18. Bd2 Nxc3 19. Bxc3 Qb5 20. Qf4 Bxf3 21. Qxf3 Rfd8 22. Bb2 Qb6 23. g3 Rac8 24. Rxd8+ Rxd8 25. Rc1 h5 26. a4 Rd2 27. Rc8+ Rd8 28. Rxd8+ Qxd8 29. Qxb7 Qd1+ 30. Kg2 Qc2 31. Bd4 Qd3 32. Qc8+ Kh7 33. Qc4 Qe4+ 34. f3 Qe1 35. Qxa6 Qd2+ 36. Bf2 Bxe5 37. Qa7 Kg7 38. a5 h4 39. Qc5 Qe2 40. gxh4 Bf6 41. Qc4 1-0